Normal view
MARC view
- HISTORY / United States / 19th Century
Entry Topical Term
001 - CONTROL NUMBER
- control field: 93726
003 - CONTROL NUMBER IDENTIFIER
- control field: NUST
005 - DATE AND TIME OF LATEST TRANSACTION
- control field: 20220719105717.0
008 - FIXED-LENGTH DATA ELEMENTS
- fixed length control field: 220719|| aca||aabn | a|a d
040 ## - CATALOGING SOURCE
- Original cataloging agency: NUST
- Transcribing agency: NUST
150 ## - HEADING--TOPICAL TERM
- Topical term or geographic name entry element: HISTORY / United States / 19th Century
670 ## - SOURCE DATA FOUND
- Source citation: Work cat.: (NUST)0: Cooper, Anderson, author. 93707, Vanderbilt :
